000 01508nmm a2200541 a 4500
003 AR-Y00000XR
005 20251128211859.0
008 037020s2002 ||||||||||||||000 | spa||
020 _a987-500-072-8
040 _cAR-Y00000XR
245 1 0 _aLa política en discusión
260 _aBuenos Aires
_bFLACSO
_c2002
_bManantial
300 0 _a349 p.
650 4 _aPOLITICA ARGENTINA
650 4 _aPARTIDOS POLITICOS ARGENTINOS
650 4 _aCRISIS POLITICAS
650 4 _aREFORMA POLITICA
650 4 _aPOLITICA ECONOMICA
650 4 _aPOLITICA GUBERNAMENTAL
650 4 _aESTADO Y SOCIEDAD
650 4 _aPROTESTA SOCIAL
651 4 _aArgentina
653 _aCACEROLAZO
700 1 _aFazio, Horacio
_ecoordinador
700 1 _aAdrogué, Gerardo
700 1 _aAlvarez, Carlos
700 1 _aArgumedo, Alcira
700 1 _aBorón, Atilio A.
700 1 _aCheresky, Isidoro
700 1 _aDamill, Mario
700 1 _aDel Bello, Juan Carlos
700 1 _aDel Piero, Pedro
700 1 _aDi Tella, Torcuato S.
700 1 _aEscolar, Marcelo
700 1 _aFeinmann, José Pablo
700 1 _aFraga, Rosendo
700 1 _aLo Vuolo, Rubén
700 1 _aMoreno Ocampo, Luis
700 1 _aPortantiero, Juan Carlos
700 1 _aQuevedo, Luis Alberto
700 1 _aRodríguez, Jesús
700 1 _aStrasser, Carlos
700 1 _aSturzenegger, Federico A.
700 1 _aViglione, Abel
700 1 _aZuleta Puceiro, Enrique
942 _cBK
998 _cme-solo cat
999 _c21448
_d21448